00560nam a2200205Ia 4500008004100000040000600041041001200047082000900059082001100068100001200079245003600091245001200127260000800139260000900147365002500156501002800181942000700209999001900216952011900235141004s9999 xx 000 0 und d ca aEnglish a1.42 bFAO/RE a FAO  aResearch management in Forestry c FAO  bIBD c1998 aRs. 475  aKAUCOF  cBK c305733d305733 001040708RESaKAUCOFbKAUCOFcGENf.g475.00l0o1.42 FAO/REpKAU_COF-5007r2014-10-04 00:00:00w2014-10-04yBK